[Event "Chess Masters Gent 2023"]
[Site "Ghent, Belgium"]
[Date "2023.07.11"]
[Round "1.5"]
[White "Hausrath, Daniel"]
[Black "Dauw, Sterre"]
[Result "1-0"]
[TimeControl "90'/40 + 30' + 30\"/M"]
[WhiteTitle "GM"]
[BlackTitle "FM"]
[WhiteFideId "4617495"]
[BlackFideId "248886"]
[WhiteElo "2442"]
[BlackElo "2244"]

1. Nf3 {[%clk 01:30:56]} {[%emt 00:00:02]} Nf6 {[%clk 01:30:55]} {[%emt
00:00:06]} 2. g3 {[%clk 01:29:52]} {[%emt 00:01:33]} g6 {[%clk 01:31:20]}
{[%emt 00:00:05]} 3. Bg2 {[%clk 01:29:44]} {[%emt 00:00:37]} Bg7 {[%clk
01:31:44]} {[%emt 00:00:06]} 4. O-O {[%clk 01:30:08]} {[%emt 00:00:07]} O-O
{[%clk 01:32:08]} {[%emt 00:00:05]} 5. d4 {[%clk 01:30:30]} {[%emt 00:00:09]}
d6 {[%clk 01:32:15]} {[%emt 00:00:23]} 6. Nc3 {[%clk 01:26:36]} {[%emt
00:04:23]} d5 {[%clk 01:23:07]} {[%emt 00:09:39]} 7. Ne5 {[%clk 01:24:17]}
{[%emt 00:02:48]} c6 {[%clk 01:20:53]} {[%emt 00:02:44]} 8. a4 {[%clk
01:22:40]} {[%emt 00:02:08]} Bf5 {[%clk 01:16:40]} {[%emt 00:04:42]} 9. a5
{[%clk 01:19:53]} {[%emt 00:03:18]} Na6 {[%clk 01:16:58]} {[%emt 00:00:12]} 10.
Bg5 {[%clk 01:03:55]} {[%emt 00:16:27]} Ne8 {[%clk 01:11:56]} {[%emt 00:05:32]}
11. Bf4 {[%clk 01:01:52]} {[%emt 00:02:34]} Nd6 {[%clk 01:11:28]} {[%emt
00:00:58]} 12. g4 {[%clk 00:59:50]} {[%emt 00:02:32]} Be6 {[%clk 01:03:44]}
{[%emt 00:08:14]} 13. e3 {[%clk 00:59:40]} {[%emt 00:00:40]} f6 {[%clk
00:55:23]} {[%emt 00:08:51]} 14. Nd3 {[%clk 00:59:25]} {[%emt 00:00:45]} Bf7
{[%clk 00:55:45]} {[%emt 00:00:09]} 15. Bg3 {[%clk 00:55:25]} {[%emt 00:04:30]}
Re8 {[%clk 00:51:16]} {[%emt 00:04:59]} 16. f4 {[%clk 00:37:25]} {[%emt
00:18:30]} Nc4 {[%clk 00:46:39]} {[%emt 00:05:07]} 17. Qe1 {[%clk 00:29:09]}
{[%emt 00:08:46]} e5 {[%clk 00:44:02]} {[%emt 00:03:08]} 18. fxe5 {[%clk
00:29:00]} {[%emt 00:00:39]} fxe5 {[%clk 00:44:25]} {[%emt 00:00:06]} 19. Qf2
{[%clk 00:26:51]} {[%emt 00:02:38]} Qd7 {[%clk 00:33:23]} {[%emt 00:11:34]} 20.
dxe5 {[%clk 00:21:12]} {[%emt 00:06:09]} Rf8 {[%clk 00:26:33]} {[%emt
00:07:20]} 21. b3 {[%clk 00:16:48]} {[%emt 00:04:54]} Be6 {[%clk 00:26:26]}
{[%emt 00:00:37]} 22. Qe1 {[%clk 00:16:55]} {[%emt 00:00:23]} Nxe3 {[%clk
00:25:00]} {[%emt 00:01:56]} 23. Qxe3 {[%clk 00:16:25]} {[%emt 00:00:59]} d4
{[%clk 00:25:24]} {[%emt 00:00:06]} 24. Qd2 {[%clk 00:15:39]} {[%emt 00:01:16]}
dxc3 {[%clk 00:25:47]} {[%emt 00:00:08]} 25. Qxc3 {[%clk 00:16:05]} {[%emt
00:00:04]} Bxg4 {[%clk 00:25:49]} {[%emt 00:00:27]} 26. Rae1 {[%clk 00:15:32]}
{[%emt 00:01:03]} Rae8 {[%clk 00:16:40]} {[%emt 00:09:40]} 27. Rxf8+ {[%clk
00:13:37]} {[%emt 00:02:25]} Rxf8 {[%clk 00:12:00]} {[%emt 00:05:10]} 28. Nf2
{[%clk 00:12:59]} {[%emt 00:01:08]} Bf5 {[%clk 00:09:51]} {[%emt 00:02:39]} 29.
Ne4 {[%clk 00:11:14]} {[%emt 00:02:15]} Bxe4 {[%clk 00:08:24]} {[%emt
00:01:58]} 30. Bxe4 {[%clk 00:11:36]} {[%emt 00:00:07]} Nc7 {[%clk 00:08:45]}
{[%emt 00:00:09]} 31. Qc4+ {[%clk 00:09:28]} {[%emt 00:02:38]} Ne6 {[%clk
00:07:48]} {[%emt 00:01:27]} 32. a6 {[%clk 00:06:58]} {[%emt 00:03:02]} bxa6
{[%clk 00:03:53]} {[%emt 00:04:25]} 33. Bxc6 {[%clk 00:05:47]} {[%emt
00:01:40]} Qe7 {[%clk 00:02:54]} {[%emt 00:01:29]} 34. Bd5 {[%clk 00:03:47]}
{[%emt 00:02:31]} Re8 {[%clk 00:03:17]} {[%emt 00:00:07]} 35. Rd1 {[%clk
00:04:06]} {[%emt 00:00:10]} Bf8 {[%clk 00:02:33]} {[%emt 00:01:14]} 36. Qxa6
{[%clk 00:03:53]} {[%emt 00:00:43]} Kh8 {[%clk 00:01:33]} {[%emt 00:01:30]} 37.
Bxe6 {[%clk 00:01:59]} {[%emt 00:02:24]} Qxe6 {[%clk 00:01:51]} {[%emt
00:00:12]} 38. Qxe6 {[%clk 00:02:25]} {[%emt 00:00:04]} Rxe6 {[%clk 00:02:15]}
{[%emt 00:00:06]} 39. Rd8 {[%clk 00:02:19]} {[%emt 00:00:36]} Kg7 {[%clk
00:02:37]} {[%emt 00:00:08]} 40. Rd7+ {[%clk 00:02:41]} {[%emt 00:00:08]} Kh6
{[%clk 00:02:23]} {[%emt 00:00:44]} 41. Kg2 {[%clk 00:01:54]} {[%emt 00:01:17]}
Rc6 {[%clk 00:02:33]} {[%emt 00:00:20]} 42. c4 {[%clk 00:01:53]} {[%emt
00:00:31]} Rb6 {[%clk 00:01:56]} {[%emt 00:01:08]} 43. Rd3 {[%clk 00:01:09]}
{[%emt 00:01:14]} g5 {[%clk 00:01:37]} {[%emt 00:00:49]} 44. Kf3 {[%clk
00:27:40]} {[%emt 00:03:59]} Kg6 {[%clk 00:31:47]} {[%emt 00:00:21]} 45. Ke4
{[%clk 00:27:58]} {[%emt 00:00:12]} h5 {[%clk 00:32:10]} {[%emt 00:00:07]} 46.
Bf2 {[%clk 00:26:17]} {[%emt 00:02:11]} Rb7 {[%clk 00:32:32]} {[%emt 00:00:09]}
47. c5 {[%clk 00:25:48]} {[%emt 00:00:59]} 1-0

[Event "Chess Masters Gent 2023"]
[Site "Ghent, Belgium"]
[Date "2023.07.11"]
[Round "1.6"]
[White "Grooten, Herman"]
[Black "Dgebuadze, Alexandre"]
[Result "1/2-1/2"]
[TimeControl "90'/40 + 30' + 30\"/M"]
[WhiteTitle "IM"]
[BlackTitle "GM"]
[WhiteFideId "1000330"]
[WhiteElo "2241"]
[BlackElo "2443"]

1. d4 {[%clk 01:30:56]} {[%emt 00:00:03]} e6 {[%clk 01:30:22]} {[%emt
00:00:38]} 2. c4 {[%clk 01:31:17]} {[%emt 00:00:08]} Bb4+ {[%clk 01:30:47]}
{[%emt 00:00:05]} 3. Nd2 {[%clk 01:31:14]} {[%emt 00:00:32]} b6 {[%clk
01:29:37]} {[%emt 00:01:41]} 4. a3 {[%clk 01:30:36]} {[%emt 00:01:08]} Bxd2+
{[%clk 01:29:20]} {[%emt 00:00:47]} 5. Qxd2 {[%clk 01:29:55]} {[%emt 00:01:10]}
Bb7 {[%clk 01:28:06]} {[%emt 00:01:44]} 6. e3 {[%clk 01:29:31]} {[%emt
00:00:53]} d6 {[%clk 01:22:01]} {[%emt 00:06:35]} 7. b4 {[%clk 01:28:52]}
{[%emt 00:01:09]} Nd7 {[%clk 01:17:57]} {[%emt 00:04:35]} 8. Bb2 {[%clk
01:28:43]} {[%emt 00:00:38]} e5 {[%clk 01:09:46]} {[%emt 00:08:42]} 9. Ne2
{[%clk 01:20:24]} {[%emt 00:08:48]} a5 {[%clk 01:06:03]} {[%emt 00:04:15]} 10.
Rd1 {[%clk 01:15:18]} {[%emt 00:05:35]} axb4 {[%clk 01:05:32]} {[%emt
00:01:01]} 11. axb4 {[%clk 01:15:28]} {[%emt 00:00:20]} Ngf6 {[%clk 01:00:55]}
{[%emt 00:05:07]} 12. Ng3 {[%clk 01:12:23]} {[%emt 00:03:34]} O-O {[%clk
01:00:21]} {[%emt 00:01:04]} 13. f3 {[%clk 01:08:36]} {[%emt 00:04:17]} Re8
{[%clk 00:56:11]} {[%emt 00:04:40]} 14. Be2 {[%clk 01:07:24]} {[%emt 00:01:42]}
Ra2 {[%clk 00:53:55]} {[%emt 00:02:46]} 15. Kf2 {[%clk 01:03:32]} {[%emt
00:04:21]} Qe7 {[%clk 00:47:31]} {[%emt 00:06:55]} 16. Ra1 {[%clk 00:56:42]}
{[%emt 00:07:21]} exd4 {[%clk 00:42:49]} {[%emt 00:05:12]} 17. exd4 {[%clk
00:55:55]} {[%emt 00:01:16]} Rea8 {[%clk 00:38:14]} {[%emt 00:05:04]} 18. Rxa2
{[%clk 00:54:02]} {[%emt 00:02:24]} Rxa2 {[%clk 00:38:38]} {[%emt 00:00:06]}
1/2-1/2

[Event "Chess Masters Gent 2023"]
[Site "Ghent, Belgium"]
[Date "2023.07.11"]
[Round "1.7"]
[White "Gormally, Daniel W."]
[Black "Ruzhansky, Elias"]
[Result "1-0"]
[TimeControl "90'/40 + 30' + 30\"/M"]
[WhiteTitle "GM"]
[WhiteFideId "406465"]
[BlackFideId "472824"]
[WhiteElo "2432"]
[BlackElo "2209"]

1. d4 {[%clk 01:08:42]} {[%emt 00:22:17]} d5 {[%clk 01:30:24]} {[%emt
00:00:35]} 2. c4 {[%clk 01:09:06]} {[%emt 00:00:06]} e6 {[%clk 01:30:42]}
{[%emt 00:00:12]} 3. Nf3 {[%clk 01:09:31]} {[%emt 00:00:06]} Nf6 {[%clk
01:30:56]} {[%emt 00:00:16]} 4. g3 {[%clk 01:09:54]} {[%emt 00:00:06]} dxc4
{[%clk 01:31:12]} {[%emt 00:00:15]} 5. Bg2 {[%clk 01:10:16]} {[%emt 00:00:08]}
Bb4+ {[%clk 01:31:26]} {[%emt 00:00:14]} 6. Nc3 {[%clk 01:10:36]} {[%emt
00:00:12]} Nbd7 {[%clk 01:31:46]} {[%emt 00:00:11]} 7. O-O {[%clk 01:09:44]}
{[%emt 00:01:22]} c6 {[%clk 01:31:54]} {[%emt 00:00:21]} 8. Qc2 {[%clk
01:09:15]} {[%emt 00:01:00]} b5 {[%clk 01:30:17]} {[%emt 00:02:06]} 9. a4
{[%clk 01:08:29]} {[%emt 00:01:17]} Bxc3 {[%clk 01:27:03]} {[%emt 00:03:44]} 10.
bxc3 {[%clk 01:08:51]} {[%emt 00:00:08]} O-O {[%clk 01:26:29]} {[%emt
00:01:04]} 11. Ng5 {[%clk 01:03:24]} {[%emt 00:05:57]} Bb7 {[%clk 01:21:54]}
{[%emt 00:05:05]} 12. Ba3 {[%clk 00:59:13]} {[%emt 00:04:41]} Re8 {[%clk
01:21:52]} {[%emt 00:00:32]} 13. axb5 {[%clk 00:59:38]} {[%emt 00:00:05]} Qc7
{[%clk 01:20:46]} {[%emt 00:01:36]} 14. bxc6 {[%clk 00:59:49]} {[%emt
00:00:19]} Bxc6 {[%clk 01:21:10]} {[%emt 00:00:06]} 15. e4 {[%clk 00:58:53]}
{[%emt 00:01:26]} h6 {[%clk 01:21:06]} {[%emt 00:00:34]} 16. Nh3 {[%clk
00:59:18]} {[%emt 00:00:05]} Nb6 {[%clk 01:19:21]} {[%emt 00:02:15]} 17. Bb4
{[%clk 00:57:46]} {[%emt 00:02:01]} e5 {[%clk 01:18:01]} {[%emt 00:01:50]} 18.
f3 {[%clk 00:53:39]} {[%emt 00:04:37]} Qd7 {[%clk 00:56:32]} {[%emt 00:21:58]}
19. Qf2 {[%clk 00:54:04]} {[%emt 00:00:06]} Qc7 {[%clk 00:48:41]} {[%emt
00:08:22]} 20. dxe5 {[%clk 00:49:07]} {[%emt 00:05:26]} Rxe5 {[%clk 00:48:06]}
{[%emt 00:01:05]} 21. Rfd1 {[%clk 00:44:57]} {[%emt 00:04:40]} Ree8 {[%clk
00:48:25]} {[%emt 00:00:11]} 22. Nf4 {[%clk 00:43:45]} {[%emt 00:01:42]} Nfd7
{[%clk 00:47:24]} {[%emt 00:01:31]} 23. Bd6 {[%clk 00:36:55]} {[%emt 00:07:20]}
Qb7 {[%clk 00:44:20]} {[%emt 00:03:34]} 24. Rdb1 {[%clk 00:36:16]} {[%emt
00:01:08]} Ne5 {[%clk 00:42:03]} {[%emt 00:02:47]} 25. Ra5 {[%clk 00:29:58]}
{[%emt 00:06:49]} f6 {[%clk 00:39:54]} {[%emt 00:02:39]} 26. Bc5 {[%clk
00:29:45]} {[%emt 00:00:44]} Qc7 {[%clk 00:38:36]} {[%emt 00:01:48]} 27. Rba1
{[%clk 00:26:33]} {[%emt 00:03:42]} g5 {[%clk 00:16:40]} {[%emt 00:22:25]} 28.
Nh5 {[%clk 00:26:39]} {[%emt 00:00:25]} Qf7 {[%clk 00:17:06]} {[%emt 00:00:04]}
29. g4 {[%clk 00:26:44]} {[%emt 00:00:24]} Nbd7 {[%clk 00:16:34]} {[%emt
00:01:02]} 30. Bd4 {[%clk 00:26:27]} {[%emt 00:00:47]} Reb8 {[%clk 00:14:15]}
{[%emt 00:02:48]} 31. h3 {[%clk 00:21:54]} {[%emt 00:05:04]} Nd3 {[%clk
00:13:23]} {[%emt 00:01:23]} 32. Qg3 {[%clk 00:22:20]} {[%emt 00:00:04]} Rb2
{[%clk 00:13:22]} {[%emt 00:00:31]} 33. Qd6 {[%clk 00:22:04]} {[%emt 00:00:45]}
Bb5 {[%clk 00:12:20]} {[%emt 00:01:32]} 34. Rxa7 {[%clk 00:20:38]} {[%emt
00:01:57]} Rxa7 {[%clk 00:12:07]} {[%emt 00:00:42]} 35. Rxa7 {[%clk 00:21:04]}
{[%emt 00:00:04]} Qf8 {[%clk 00:09:51]} {[%emt 00:02:47]} 36. Qd5+ {[%clk
00:19:27]} {[%emt 00:02:07]} Qf7 {[%clk 00:10:06]} {[%emt 00:00:14]} 37. Ra8+
{[%clk 00:19:34]} {[%emt 00:00:24]} Nf8 {[%clk 00:10:06]} {[%emt 00:00:31]} 38.
Nxf6+ {[%clk 00:19:59]} {[%emt 00:00:14]} 1-0

[Event "Chess Masters Gent 2023"]
[Site "Ghent, Belgium"]
[Date "2023.07.12"]
[Round "2.1"]
[White "Fernandez, Daniel H."]
[Black "Gormally, Daniel W."]
[Result "1-0"]
[TimeControl "90'/40 + 30' + 30\"/M"]
[WhiteTitle "GM"]
[BlackTitle "GM"]
[WhiteFideId "5801605"]
[BlackFideId "406465"]
[WhiteElo "2518"]
[BlackElo "2432"]

1. e4 {[%clk 01:30:55]} {[%emt 00:00:05]} c5 {[%clk 01:30:55]} {[%emt
00:00:05]} 2. Nf3 {[%clk 01:31:21]} {[%emt 00:00:04]} d6 {[%clk 01:31:21]}
{[%emt 00:00:03]} 3. Bb5+ {[%clk 01:27:08]} {[%emt 00:04:43]} Bd7 {[%clk
01:31:44]} {[%emt 00:00:07]} 4. a4 {[%clk 01:23:05]} {[%emt 00:04:34]} Nc6
{[%clk 01:32:08]} {[%emt 00:00:05]} 5. O-O {[%clk 01:22:23]} {[%emt 00:01:11]}
Nf6 {[%clk 01:32:12]} {[%emt 00:00:25]} 6. Re1 {[%clk 01:15:55]} {[%emt
00:06:59]} e6 {[%clk 01:32:36]} {[%emt 00:00:06]} 7. c3 {[%clk 01:10:51]}
{[%emt 00:05:35]} a6 {[%clk 01:31:12]} {[%emt 00:01:53]} 8. Bf1 {[%clk
01:11:01]} {[%emt 00:00:19]} Be7 {[%clk 01:31:36]} {[%emt 00:00:06]} 9. h3
{[%clk 01:07:24]} {[%emt 00:04:08]} Rc8 {[%clk 01:27:15]} {[%emt 00:04:52]} 10.
d3 {[%clk 01:04:34]} {[%emt 00:03:21]} O-O {[%clk 01:27:02]} {[%emt 00:00:42]}
11. Nbd2 {[%clk 01:04:50]} {[%emt 00:00:14]} b5 {[%clk 01:24:59]} {[%emt
00:02:33]} 12. g4 {[%clk 00:58:48]} {[%emt 00:06:32]} d5 {[%clk 01:22:09]}
{[%emt 00:03:20]} 13. Bg2 {[%clk 00:52:54]} {[%emt 00:06:24]} dxe4 {[%clk
01:17:49]} {[%emt 00:04:50]} 14. dxe4 {[%clk 00:52:30]} {[%emt 00:00:54]} c4
{[%clk 01:16:36]} {[%emt 00:01:44]} 15. axb5 {[%clk 00:51:32]} {[%emt
00:01:28]} axb5 {[%clk 01:17:02]} {[%emt 00:00:04]} 16. Nf1 {[%clk 00:48:12]}
{[%emt 00:03:49]} Qc7 {[%clk 01:16:06]} {[%emt 00:01:26]} 17. g5 {[%clk
00:48:23]} {[%emt 00:00:19]} Nh5 {[%clk 01:12:42]} {[%emt 00:03:54]} 18. e5
{[%clk 00:47:33]} {[%emt 00:01:19]} g6 {[%clk 01:13:08]} {[%emt 00:00:04]} 19.
Ne3 {[%clk 00:44:57]} {[%emt 00:03:06]} Rfd8 {[%clk 01:11:15]} {[%emt
00:02:23]} 20. Ng4 {[%clk 00:45:09]} {[%emt 00:00:17]} Be8 {[%clk 01:11:42]}
{[%emt 00:00:04]} 21. Qe2 {[%clk 00:45:21]} {[%emt 00:00:17]} Rd3 {[%clk
01:11:40]} {[%emt 00:00:31]} 22. Nf6+ {[%clk 00:32:06]} {[%emt 00:13:45]} Nxf6
{[%clk 01:09:33]} {[%emt 00:02:37]} 23. gxf6 {[%clk 00:32:22]} {[%emt
00:00:15]} Bf8 {[%clk 01:09:18]} {[%emt 00:00:45]} 24. Qe4 {[%clk 00:29:07]}
{[%emt 00:03:45]} b4 {[%clk 00:57:12]} {[%emt 00:12:36]} 25. Bf1 {[%clk
00:26:20]} {[%emt 00:03:17]} Rxf3 {[%clk 00:55:20]} {[%emt 00:02:23]} 26. Qxf3
{[%clk 00:26:46]} {[%emt 00:00:03]} Nxe5 {[%clk 00:55:45]} {[%emt 00:00:05]} 27.
Qg3 {[%clk 00:21:45]} {[%emt 00:05:32]} Bd6 {[%clk 00:56:10]} {[%emt 00:00:05]}
28. Bf4 {[%clk 00:22:11]} {[%emt 00:00:04]} Nf3+ {[%clk 00:56:38]} {[%emt
00:00:02]} 29. Qxf3 {[%clk 00:22:34]} {[%emt 00:00:06]} Bxf4 {[%clk 00:57:05]}
{[%emt 00:00:02]} 30. Bg2 {[%clk 00:22:57]} {[%emt 00:00:07]} e5 {[%clk
00:53:24]} {[%emt 00:04:11]} 31. cxb4 {[%clk 00:22:11]} {[%emt 00:01:16]} Rb8
{[%clk 00:50:35]} {[%emt 00:03:20]} 32. Ra8 {[%clk 00:22:11]} {[%emt 00:00:30]}
Kf8 {[%clk 00:49:59]} {[%emt 00:01:05]} 33. b5 {[%clk 00:20:39]} {[%emt
00:02:03]} Bxb5 {[%clk 00:48:55]} {[%emt 00:01:34]} 34. Qa3+ {[%clk 00:20:29]}
{[%emt 00:00:40]} Kg8 {[%clk 00:49:21]} {[%emt 00:00:04]} 35. Qa5 {[%clk
00:18:13]} {[%emt 00:02:45]} Qc8 {[%clk 00:48:54]} {[%emt 00:00:58]} 36. Rxb8
{[%clk 00:18:34]} {[%emt 00:00:09]} Qxb8 {[%clk 00:49:19]} {[%emt 00:00:05]} 37.
Rd1 {[%clk 00:18:57]} {[%emt 00:00:06]} 1-0

[Event "Chess Masters Gent 2023"]
[Site "Ghent, Belgium"]
[Date "2023.07.12"]
[Round "2.2"]
[White "De Waele, Warre"]
[Black "Hausrath, Daniel"]
[Result "1/2-1/2"]
[TimeControl "90'/40 + 30' + 30\"/M"]
[WhiteTitle "FM"]
[BlackTitle "GM"]
[WhiteFideId "241156"]
[BlackFideId "4617495"]
[WhiteElo "2350"]
[BlackElo "2442"]

1. d4 {[%clk 01:30:57]} {[%emt 00:00:02]} d5 {[%clk 01:30:48]} {[%emt
00:00:11]} 2. c4 {[%clk 01:30:46]} {[%emt 00:00:42]} e6 {[%clk 01:31:11]}
{[%emt 00:00:08]} 3. Nf3 {[%clk 01:30:42]} {[%emt 00:00:33]} Nf6 {[%clk
01:31:28]} {[%emt 00:00:12]} 4. Nc3 {[%clk 01:30:58]} {[%emt 00:00:15]} Be7
{[%clk 01:31:36]} {[%emt 00:00:21]} 5. Bf4 {[%clk 01:31:20]} {[%emt 00:00:08]}
O-O {[%clk 01:31:48]} {[%emt 00:00:18]} 6. e3 {[%clk 01:31:41]} {[%emt
00:00:09]} b6 {[%clk 01:22:14]} {[%emt 00:10:04]} 7. Bd3 {[%clk 01:31:37]}
{[%emt 00:00:34]} Bb7 {[%clk 01:21:56]} {[%emt 00:00:47]} 8. O-O {[%clk
01:26:42]} {[%emt 00:05:26]} Nbd7 {[%clk 01:09:36]} {[%emt 00:12:49]} 9. cxd5
{[%clk 01:26:10]} {[%emt 00:01:03]} exd5 {[%clk 01:08:06]} {[%emt 00:02:00]} 10.
Ne5 {[%clk 01:23:21]} {[%emt 00:03:19]} Nxe5 {[%clk 01:00:57]} {[%emt
00:07:38]} 11. dxe5 {[%clk 01:20:10]} {[%emt 00:03:42]} Ne4 {[%clk 00:47:36]}
{[%emt 00:13:51]} 12. Nxe4 {[%clk 01:10:20]} {[%emt 00:10:20]} dxe4 {[%clk
00:47:54]} {[%emt 00:00:12]} 13. Bc4 {[%clk 01:10:46]} {[%emt 00:00:04]} Qc8
{[%clk 00:27:03]} {[%emt 00:21:20]} 14. e6 {[%clk 01:05:26]} {[%emt 00:05:51]}
fxe6 {[%clk 00:25:17]} {[%emt 00:02:17]} 15. Qb3 {[%clk 01:05:33]} {[%emt
00:00:23]} Kf7 {[%clk 00:20:18]} {[%emt 00:05:28]} 16. Rfd1 {[%clk 00:54:37]}
{[%emt 00:11:26]} Rd8 {[%clk 00:17:38]} {[%emt 00:03:09]} 17. Rxd8 {[%clk
00:53:54]} {[%emt 00:01:14]} Bxd8 {[%clk 00:18:06]} {[%emt 00:00:02]} 18. Rd1
{[%clk 00:40:12]} {[%emt 00:14:12]} Be7 {[%clk 00:11:36]} {[%emt 00:07:00]} 19.
Be5 {[%clk 00:34:41]} {[%emt 00:06:01]} Bc6 {[%clk 00:09:07]} {[%emt 00:02:58]}
20. Qc3 {[%clk 00:33:29]} {[%emt 00:01:42]} Bf6 {[%clk 00:09:09]} {[%emt
00:00:28]} 21. Be2 {[%clk 00:31:48]} {[%emt 00:02:11]} Bd5 {[%clk 00:08:17]}
{[%emt 00:01:23]} 22. Bh5+ {[%clk 00:25:56]} {[%emt 00:06:21]} Ke7 {[%clk
00:08:23]} {[%emt 00:00:23]} 23. f3 {[%clk 00:19:08]} {[%emt 00:07:19]} Qb7
{[%clk 00:04:41]} {[%emt 00:04:12]} 24. fxe4 {[%clk 00:16:34]} {[%emt
00:03:04]} Bxe4 {[%clk 00:05:09]} {[%emt 00:00:02]} 25. Qb4+ {[%clk 00:16:16]}
{[%emt 00:00:48]} c5 {[%clk 00:05:30]} {[%emt 00:00:08]} 26. Bd6+ {[%clk
00:16:36]} {[%emt 00:00:11]} Kd7 {[%clk 00:04:43]} {[%emt 00:01:17]} 27. Bxc5+
{[%clk 00:16:19]} {[%emt 00:00:47]} Bd5 {[%clk 00:03:54]} {[%emt 00:01:18]} 28.
e4 {[%clk 00:14:47]} {[%emt 00:02:02]} a5 {[%clk 00:04:10]} {[%emt 00:00:14]}
29. Qxb6 {[%clk 00:06:38]} {[%emt 00:08:40]} Qxb6 {[%clk 00:04:34]} {[%emt
00:00:06]} 30. Bxb6 {[%clk 00:07:04]} {[%emt 00:00:04]} Kc6 {[%clk 00:04:58]}
{[%emt 00:00:05]} 31. exd5+ {[%clk 00:07:29]} {[%emt 00:00:05]} Kxb6 {[%clk
00:05:23]} {[%emt 00:00:06]} 32. dxe6 {[%clk 00:07:54]} {[%emt 00:00:05]} Rc8
{[%clk 00:02:40]} {[%emt 00:03:12]} 33. Rd2 {[%clk 00:07:00]} {[%emt 00:01:25]}
Rc5 {[%clk 00:02:35]} {[%emt 00:00:34]} 34. Bf3 {[%clk 00:06:17]} {[%emt
00:01:13]} a4 {[%clk 00:01:41]} {[%emt 00:01:25]} 35. Kf2 {[%clk 00:05:23]}
{[%emt 00:01:23]} Re5 {[%clk 00:00:53]} {[%emt 00:01:19]} 36. Re2 {[%clk
00:04:54]} {[%emt 00:00:59]} Rxe2+ {[%clk 00:01:12]} {[%emt 00:00:11]} 37. Bxe2
{[%clk 00:05:16]} {[%emt 00:00:08]} Kc5 {[%clk 00:01:24]} {[%emt 00:00:18]} 38.
Bd1 {[%clk 00:05:07]} {[%emt 00:00:39]} Kd6 {[%clk 00:01:24]} {[%emt 00:00:30]}
39. Bxa4 {[%clk 00:05:29]} {[%emt 00:00:08]} Kxe6 {[%clk 00:01:49]} {[%emt
00:00:05]} 40. Bc2 {[%clk 00:01:53]} {[%emt 00:04:06]} h6 {[%clk 00:01:36]}
{[%emt 00:00:42]} 41. b3 {[%clk 00:01:07]} {[%emt 00:01:17]} Kd5 {[%clk
00:00:58]} {[%emt 00:01:07]} 42. Ke2 {[%clk 00:01:27]} {[%emt 00:00:11]} Kd4
{[%clk 00:29:52]} {[%emt 00:01:36]} 43. Bd3 {[%clk 00:31:32]} {[%emt 00:00:25]}
Kc3 {[%clk 00:26:51]} {[%emt 00:03:31]} 44. Bc4 {[%clk 00:28:53]} {[%emt
00:03:10]} Kb4 {[%clk 00:26:44]} {[%emt 00:00:35]} 45. Kd3 {[%clk 00:26:35]}
{[%emt 00:02:48]} Ka3 {[%clk 00:24:03]} {[%emt 00:03:11]} 46. b4 {[%clk
00:26:16]} {[%emt 00:00:50]} 1/2-1/2